000
00191 a2200097 4500
001
7529
100
_a
A R C
245
_a
R & M Nos 3319-3332
260
_a
_b
H M S O
_c
090
_c
6030
_d
6030
942
_a
NUST-CAE
_c
M
_c
32524
999
_c
242602
_d
242602